Clic La chanson d'Ils étaient dix (Dix petits nègres) et les victimes - Statistiques

Statistiques générales
  • Ce quiz a été pris 21 fois
  • Le résultat moyen est 7 sur 10
Statistiques - réponses
Hint Extra Hint Réponse % Correct
Dix p’tits soldats s’en furent souper,
L’un d’eux but à s’en étouffer
— n’en resta plus que neuf.
Chauffard Anthony James Marston
90%
Un p’tit soldat se retrouva solitaire
Il alla se pendre, quelle misère!
— n’en resta plus aucun.
Gouvernante Vera Claythorne
86%
Cinq p’tits soldats étudiaient le droit,
L’un d’eux fut nommé juge, ma foi!
— n’en resta plus que quatre.
Juge Lawrence John Wargrave
81%
Quatre p’tits soldats prenaient un bain de mer,
Poisson d’avril goba l’un, Ô ma mère!
— n’en resta plus que trois.
Médecin Edward Armstrong
76%
Six p’tits soldats s’amusaient au rucher,
Par une abeille l’un fut piqué
— n’en resta plus que cinq.
Emily Brent
76%
Neuf p’tits soldats veillèrent très tard,
L’un d’eux dormit plus que sa part
— n’en resta plus que huit.
Domestique Ethel Rogers
71%
Huit p’tits soldats flânèrent de-ci de-là,
Dans le Devon l’un s’installa
— n’en resta plus que sept.
Général John Macarthur
71%
Deux p’tits soldats se chauffaient au soleil,
L’un d’eux grilla jusqu’aux orteils
— n’en resta donc plus qu’un.
Officier Philip Lombard
71%
Sept p’tits soldats débitaient du petit bois,
En deux moitiés l’un se coupa
— n’en resta plus que six.
Domestique Thomas Rogers
62%
Trois p’tits soldats visitaient le zoo,
Un ours prit l’un entre ses crocs
— n’en resta plus que deux.
Ancien officier William Blore
57%
Aucun quiz correspondant
Distribution des résultats
% des personnes avec chaque résultat
Percentile par nombre de réponses
Votre historique - résultats
Vous n’avez pas pris ce quiz